000 00906nam a2200193 i 4500
001 182984
003 ES-MaACL
005 20230906221746.0
008 140109s1921 fr |||| | fre d
245 0 3 _aUn coup d'oeil en arrière
_b: Pierre Monatte. Lettre de démission au Comité confédéral (décembre 1914). Alfred Rosmer. Première lettre aux abonnés de la "Vie ouvrière" (novembre 1915). La Circulaire de lancement de la "Vie ouvrière" (avril 1919) /
_cAlfred Rosmer, Pierre Monatte.
260 _aParis :
_bÉditions de la Bibliothèque du Travail,
_c1921.
300 _a40 p. ;
_c19 cm.
490 1 _aLes Cahiers du travail ;
_v1re série, 2e cahier, 15 mars 1921
700 0 _aMonatte, Pierre.
_982114
700 0 _aRosmer, Alfred.
_999790
830 0 _aLes Cahiers du travail ;
_v1re série, 2e cahier, 15 mars 1921
_9191855
852 _aES-MaACL
_j1625-F-9
999 _c182984
_d182984